Zlatá bohéma umelecká bohéma v Bratislave 1920-1938

Bibliographic Details
Main Author: Vašš, Martin, 1983- (Author)
Format: Book
Language:Slovak
Published: Bratislava Marenčin PT 2018
Edition:Prvé vydanie
Subjects:

MARC

LEADER 00000cam a2200000 4500
001 vtls011749443
003 SK-MaSNL
005 20260301095426.0
008 210624s2018 xo o grn 001 0dslo
015 |a SNBA2019/05 
020 |a 9788081149405  |q (viazané) 
035 |a urn:nbn:sk:snk-am00e943 
035 |a urn:nbn:sk:snk-am3ig8d 
035 |a 02D2266A-75C1-4BD5-ABF0-022AB7668AC0 
040 |a SNK  |b slo  |c SNK  |e rda 
041 0 |a slo 
043 |a e-xo--- 
044 |a xo  |c SK 
072 7 |a 316.7  |x Sociológia kultúry. Kultúrny život  |2 konspekt 
080 |a 316.728-021.352  |2 2011 
080 |a 7.071  |2 2011 
080 |a 7.011:316.72/.75  |2 2011 
080 |a 316.72/.75-027.22  |2 2011 
080 |a (437.611)  |2 2011 
080 |a (048.8:082)  |2 2011 
100 1 |a Vašš, Martin,  |d 1983-  |4 aut  |9 151438 
245 1 0 |a Zlatá bohéma  |b umelecká bohéma v Bratislave 1920-1938  |c Martin Vašš 
246 3 0 |a Umelecká bohéma v Bratislave 1920-1938 
250 |a Prvé vydanie 
264 1 |a Bratislava  |b Marenčin PT  |c 2018 
300 |a 268 strán, 16 strán obrazových príloh  |c 21 cm 
336 |a text  |b txt  |2 rdacontent 
337 |a bez média  |b n  |2 rdamedia 
338 |a zväzok  |b nc  |2 rdacarrier 
500 |a Medajlóny vybraných osobností na strane 259-265 
504 |a Bibliografia na strane 248-258 ; menný register 
600 1 7 |a Gašpar, Tido J.,  |d 1893-1972  |2 SNKMA  |9 92306 
648 7 |a 1920-1938  |2 SNKPH  |9 395971 
650 0 7 |a bohémstvo  |2 SNKPH  |9 4953 
650 0 7 |a Bohemianism  |2 SNKPHeng  |9 430763 
650 0 7 |a umelci  |2 SNKPH  |9 2894 
650 0 7 |a Artists  |2 SNKPHeng  |9 265151 
650 0 7 |a umenie a spoločnosť  |2 SNKPH  |9 2854 
650 0 7 |a kultúrny život  |2 SNKPH  |9 3182 
650 0 7 |a Art and society  |2 SNKPHeng  |9 313796 
650 0 7 |a Cultural life  |2 SNKPHeng  |9 265153 
651 7 |a Bratislava (Slovensko)  |2 SNKPHgeo 
651 7 |a Bratislava (Slovakia)  |2 SNKPHeng  |9 171234 
655 7 |a monografie  |2 SNKPH  |9 70139 
655 7 |a Monographs  |2 SNKPHeng  |9 120675 
919 |a 978-80-8114-940-5 
958 |a BX 
958 |a NB 
999 |c 683075  |d 685005 
952 |a SNK  |b SNK  |y PREZ  |7 0  |p 17A1364730  |o snkSC 184236  |i snk2019/12929  |8 0  |0 0  |1 0  |4 0  |d 2019-05-09  |f 1  |l 0  |r 2026-02-23 20:03:09  |w 2026-02-23 
952 |a SNK  |b SNK  |y VYP  |7 0  |p 17A1364731  |o snkSC 184236 D1  |i snk2019/12930  |8 0  |0 0  |1 0  |4 0  |d 2019-05-09  |l 0  |r 2026-02-23 20:03:09  |w 2026-02-23